Teaching grammer, punctuation and spelling in primary schools / (Record no. 151216)

MARC details
000 -LEADER
fixed length control field 00820nam a22002417a 4500
005 - DATE AND TIME OF LATEST TRANSACTION
control field 20180416105955.0
010 ## - LCCN (DPL NO)
LC control number ENG-122578
020 ## - INTERNATIONAL STANDARD BOOK NUMBER
International Standard Book Number 9789352806041
Terms of availability 595.00
035 ## - SYSTEM CONTROL NUMBER
System control number EN-106110
037 ## - SOURCE OF ACQUISITION
Source of stock number/acquisition DBAD/PUB
082 ## - DEWEY DECIMAL CLASSIFICATION NUMBER
Classification number 372.842
100 ## - MAIN ENTRY--PERSONAL NAME
Personal name Waugh, David
245 ## - TITLE STATEMENT
Title Teaching grammer, punctuation and spelling in primary schools /
Statement of responsibility, etc by David Waugh; Claire Warner [and] Rosemary Waugh
250 ## - EDITION STATEMENT
Edition statement 4th ed.
260 ## - PUBLICATION, DISTRIBUTION, ETC. (IMPRINT)
Place of publication, distribution, etc New Delhi
Name of publisher, distributor, etc Sage Publications
Date of publication, distribution, etc 2018
270 ## - ADDRESS
Address B-1/I-1, Mohan Cooperative Industrial Area, Mathura Road,
City New Delhi
Postal code 110044
300 ## - PHYSICAL DESCRIPTION
Extent 207p.
Dimensions 22cm.(pbk)
Other physical details ill.
490 ## - SERIES STATEMENT
Series statement Series Transforming Primary QTS ed. by Alice Hansen
500 ## - GENERAL NOTE
General note It include index
700 ## - ADDED ENTRY--PERSONAL NAME
Dates associated with a name Warner, Claire
700 ## - ADDED ENTRY--PERSONAL NAME
Dates associated with a name Waugh, Rosemary
942 ## - ADDED ENTRY ELEMENTS (KOHA)
Source of classification or shelving scheme Dewey Decimal Classification
Item type English Books
Call number suffix WAU
Classification part 372.842
Holdings
Withdrawn status Lost status Not for loan Collection code Home library Current library Date acquired Source of acquisition Cost, normal purchase price Full call number Barcode Copy number Cost, replacement price Koha item type
    Not For Loan Non-fiction D.B.Act.Division Central Library 16/04/2018 DBAD/PUB 595.00 372.842 WAU EN-106110 1 595.00 English Books

© Delhi Public Library
Hit Counter
free hit counter